000 01156nam a2200229Ia 4500
001 L942-43503
003 IT-CnALBA
008 170116s9999||||xx |||||||||||||| ||und||
040 _aIT-CnALBA
_cIT-CnALBA
041 _aITALIANO
100 _aDI FULVIO LUCA
245 0 _aZELTER.
250 _a1a ed.
260 _aMILANO
_bZELIG EDITORE
_c1996 [1° Ed.:1996 - Ed.Ling.Originale: 1996]
300 _a91 p.
500 _aZELER E LE MEMORIE. ABBANDONO DELL'UNIVERSITÀ PER L'IMPRESA DI FAMIGLIA. INFANZIA TRA LE CURE ASETTICHE DI UNA GOVERNANTE. SENZA LA MADRE. ODIO PER IL PADRE. PENSIERI NÈ BUONI NÈ CATTIVI SECONDO LA FORMAZIONE. ANIMO TRISTE E CUPO CRESCIUTO SENZA AMORE PAT
501 _aSocietà San Paolo EM - Piazza San Paolo, 14 - 12051 ALBA (CN) (non commercial uses only) ® Copyright 2017
520 _aZELER E LE MEMORIE. ABBANDONO DELL'UNIVERSITÀ PER L'IMPRESA DI FAMIGLIA. INFANZIA TRA LE CURE ASETTICHE DI UNA GOVERNANTE. SENZA LA MADRE. ODIO PER IL PADRE. PENSIERI NÈ BUONI NÈ CATTIVI SECONDO LA FORMAZIONE. ANIMO TRISTE E CUPO CRESCIUTO SENZA AMORE PAT
650 _aSTORIA MODERNA
942 _cBK
957 _71
999 _a48895
_bNO
_g Copie: 1
_c302469
_d302469